000 01622cam a22005054i 4500
003 PE-LiUPU
005 20250731165628.0
008 150616s r 000 0 d
020 _a0801067537
035 _a(Sirsi) i9780801067532
040 _aPE-LiUPU
_bspa
_cPE-LiUPU
_erda
049 _aPRUA
082 0 4 _a221.07d
_bO94
_221
100 1 _aOwens, John Joseph,
_d1918-,
_eautor.
130 _aBiblia.
_pA.T.
_lInglés.
_sOwens.
245 1 1 _aAnalytical Key to the Old Testament :
_n2 /
_cJohn Joseph Owens.
264 1 _aGrand Rapids, Michigan :
_bBaker Book House,
_c1994.
300 _a937 páginas ;
_c27 centímetros
336 _atext
_2rdacontent
337 _aunmediated
_2rdamedia
338 _avolume
_2rdacarrier
505 0 _aJueces -- 1, 2 Crónicas.
526 _aSEG44
526 _aSEG26
526 _aP151
526 _aP150
526 _aP149
526 _aP146
526 _aP145
526 _aP126
526 _aP125
526 _aP92
526 _aP75
526 _aP74
526 _aP27
526 _aP15
630 _aBiblia.
_pA.T.
_lInglés.
_sOwens.
630 _aBiblia.
_pA.T.
_pCrónicas
_xEstudio y enseñanza.
630 _aBiblia.
_pA.T.
_pJueces
_xEstudio y enseñanza.
910 _ajck
942 _2ddc
_cBK
949 _aRC 221.07D O94 2
_wDEWEY
_c1
_i39767
_d2016-8-31
_e2016-8-28
_lCCODEBUL1
_mBUL
_n2
_q1
_r0
_sY
_tBOOK
_u2015-6-16
_xTEOLOGIA
_zUNKNOWN
_0COMPRA
_o.CIRCNOTE. No olvidar cambiar la fecha de devolución!!!!!!!
_o.STAFF. Colección General
999 _c57416
_d57416
980 _81
_gALBERTO SANCHEZ Responsable de Automatización